The Christian family: (Record no. 13231)

000 -LEADER
fixed length control field 00700nam a2200193 a 4500
001 - CONTROL NUMBER
control field :::00011049$&:&@@
003 - CONTROL NUMBER IDENTIFIER
control field OkBaRHE
005 - DATE AND TIME OF LATEST TRANSACTION
control field 20100401170729.0
008 - FIXED-LENGTH DATA ELEMENTS--GENERAL INFORMATION
fixed length control field s1977 j 000 0 eng u
040 ## - CATALOGING SOURCE
Transcribing agency
100 1# - MAIN ENTRY--PERSONAL NAME
Personal name Christenson, Larry, 1928-
245 14 - TITLE STATEMENT
Title The Christian family:
Remainder of title study guide.
260 ## - PUBLICATION, DISTRIBUTION, ETC. (IMPRINT)
Place of publication, distribution, etc Minneapolis, MN., :
Name of publisher, distributor, etc Bethany House Publishers
Date of publication, distribution, etc 1977
300 ## - PHYSICAL DESCRIPTION
Extent 63 p. ;
Dimensions 22 cm.
650 ## - SUBJECT ADDED ENTRY--TOPICAL TERM
Topical term or geographic name as entry element Family
General subdivision Religious life
942 ## - ADDED ENTRY ELEMENTS (KOHA)
Source of classification or shelving scheme
Koha item type Books
Copies
Withdrawn status Shelving location Damaged status Copy number Not for loan Permanent Location Price effective from Full call number Koha item type Barcode Date acquired Lost status Date last seen Source of classification or shelving scheme
 General Stacks 1 RHEMA Bible Training College2010-04-14BV 4526.2 .C44 1974Books110492010-04-14 2010-04-14 
 General Stacks 2 RHEMA Bible Training College2010-04-14BV 4526.2 .C44 1974Books196382010-04-14 2010-04-14